000 00870nam a22003014a 4500
001 36966
003 BD-RjUL
005 20211209052549.0
008 140924s2002 njua b 001 0 eng
020 _a0130195677
035 _a(BD-RjUL)37068
040 _aDLC
_cDLC
_dDLC
_dBD-RjUL
_beng
041 _aeng
082 0 0 _a632.7
_221
_bPEE 2002
100 1 _aPedigo, Larry P.
_9112937
245 1 0 _aEntomology and pest management /
_cLarry P. Pedigo.
250 _a4th ed.
260 _aUpper Saddle River, N.J. :
_bPrentice Hall,
_cc2002.
300 _axxii, 742 p. :
_bill. ;
_c26 cm.
504 _aIncludes bibliographical references.
650 0 _aInsect pests
_xControl.
_9112695
650 0 _aInsect pests.
_9112938
650 0 _aInsects.
_9112939
650 0 _aEntomology.
_9112940
942 _2ddc
_cBK
999 _c36966
_d36966